000 01361nam a2200349 i 4500
001 8956
003 KOSZ 005
005 20240405063000.0
008 080328s1967 pl a g 010 0 pol
015 _aPB 1967/9980
040 _aWA N
_cWA N
_dKOSZ 005/RW
041 1 _apol
_aeng
_afre
_hfre
080 _a1+007
245 0 0 _aKsięga pamiątkowa ku czci profesora Tadeusza Kotarbińskiego w osiemdziesiątą rocznicę urodzin /
_c[kom. red. Tadeusz Czeżowski et al.] ; Polska Akademia Nauk.
260 _aWarszawa :
_bPaństwowe Wydawnictwo Naukowe,
_c1967.
300 _a677, [1] s., [1] k. tabl. :
_bil. ;
_c25 cm.
380 _aKsiążki.
490 1 _aFragmenty filozoficzne ;
_vSeria 3.
504 _aBibliogr. s. [635]-674.
546 _aTekst częściowo ang. i franc. - M. in. tł. z franc.
600 1 4 _aKotarbiński, Tadeusz
_d(1886-1981)
650 4 _aFilozofia
_y20 w.
648 4 _a1901-2000
655 4 _aKsięga pamiątkowa
650 4 _aPrakseologia
655 4 _aBibliografia osobowa
700 1 _aCzeżowski, Tadeusz
_d(1889-1981).
_eOpracowanie
710 2 _aPaństwowe Wydawnictwo Naukowe
_4pbl.
830 0 _aFragmenty filozoficzne ;
_vSeria 3.
856 _uhttp://koha.tu.koszalin.pl/cgi-bin/koha/opac-detail.pl?biblionumber=8956
_yKatalog online BPK
942 _2UKD
_cKS
999 _c8956
_d8956